000 00656cab a2200217 4500
001 ABS40300
008 090401t1989 xxu||||| |||| 00| 0 eng d
035 _a(Sirsi) u22934
041 _aeng
100 _aWerry, W.
245 _aWhat`s wrong with dayworks?
260 _c1989
350 _a0
490 _aChartered Quantity Surveyor
_v11(5) January 1989, 20-21(2)
520 _aExamines the advantages and disadvantages of using dayworks and schedules of rates as methods for pricing maintenance work .
650 _aBUILDING PRICES
650 _aSCHEDULE OF RATES
690 _aQuantity surveying
_96263
942 _n0
948 _c04/03/1997
999 _c15377
_d15377